Đương đầu với tham nhũng ở châu Á : những bài học thực tế và khuôn khổ hành động

محفوظ في:
التفاصيل البيبلوغرافية
المؤلف الرئيسي: Ngân hàng thế giới
التنسيق: كتاب
اللغة:Vietnamese
منشور في: Tư pháp 2005
الوسوم: إضافة وسم
لا توجد وسوم, كن أول من يضع وسما على هذه التسجيلة!
Thư viện lưu trữ: Mạng thư viện Đại học Đà Nẵng
LEADER 00819nam a2200253 4500
001 000021356
003 17803
005 20150417150420.0
008 150417s2005 viesd
020 |c 45000 
041 0 |a vie 
082 1 4 |a 364.1323  |b NG 
100 1 |a Ngân hàng thế giới 
245 1 0 |a Đương đầu với tham nhũng ở châu Á : những bài học thực tế và khuôn khổ hành động  |c Ngân hàng Thế giới, Thanh tra Chính phủ ; Người dịch : Nguyễn Anh Tuấn,.. ; Hiệu đính : Nguyễn Văn Thanh,. 
260 |b Tư pháp  |c 2005 
300 |a tr.  |c cm. 
OWN |a LSP 
999 |a From the UDN01 
TYP |a Monograph 
TYP |a Printed language 
980 |a Mạng thư viện Đại học Đà Nẵng